<?xml version="1.0" encoding="UTF-8"?>
<record
    xmlns:xsi="http://www.w3.org/2001/XMLSchema-instance"
    xsi:schemaLocation="http://www.loc.gov/MARC21/slim http://www.loc.gov/standards/marcxml/schema/MARC21slim.xsd"
    xmlns="http://www.loc.gov/MARC21/slim">

  <leader>01722nam0a22003371  4500</leader>
  <controlfield tag="001">v19\rc\1846639</controlfield>
  <controlfield tag="005">20260407070320.0</controlfield>
  <datafield tag="035" ind1=" " ind2=" ">
    <subfield code="a">(NLR Aleph) 004985975</subfield>
  </datafield>
  <datafield tag="090" ind1=" " ind2=" ">
    <subfield code="a">6234795</subfield>
    <subfield code="c">6234795</subfield>
  </datafield>
  <datafield tag="100" ind1=" " ind2=" ">
    <subfield code="a">20080221d1909    |||y0rusy50      ca</subfield>
  </datafield>
  <datafield tag="101" ind1="1" ind2=" ">
    <subfield code="a">rus</subfield>
    <subfield code="c">fre</subfield>
  </datafield>
  <datafield tag="102" ind1=" " ind2=" ">
    <subfield code="a">RU</subfield>
  </datafield>
  <datafield tag="105" ind1=" " ind2=" ">
    <subfield code="a">a   z   |||||</subfield>
  </datafield>
  <datafield tag="200" ind1="1" ind2=" ">
    <subfield code="a">&#x425;&#x438;&#x440;&#x43E;&#x43C;&#x430;&#x43D;&#x442;&#x438;&#x44F;</subfield>
    <subfield code="e">(&#x422;&#x430;&#x439;&#x43D;&#x44B; &#x440;&#x443;&#x43A;&#x438;)</subfield>
    <subfield code="e">&#x41F;&#x43E;&#x43B;&#x43D;. &#x440;&#x443;&#x43A;&#x43E;&#x432;&#x43E;&#x434;&#x441;&#x442;&#x432;&#x43E; &#x43A; &#x43E;&#x43F;&#x440;&#x435;&#x434;&#x435;&#x43B;&#x435;&#x43D;&#x438;&#x44E; &#x442;&#x438;&#x43F;&#x430;, &#x445;&#x430;&#x440;&#x430;&#x43A;&#x442;&#x435;&#x440;&#x430;, &#x43D;&#x430;&#x43A;&#x43B;&#x43E;&#x43D;&#x43D;&#x43E;&#x441;&#x442;&#x435;&#x439; &#x447;&#x435;&#x43B;&#x43E;&#x432;&#x435;&#x43A;&#x430; &#x432; &#x435;&#x433;&#x43E; &#x43F;&#x440;&#x43E;&#x448;&#x435;&#x434;&#x448;&#x435;&#x43C;, &#x43D;&#x430;&#x441;&#x442;&#x43E;&#x44F;&#x449;&#x435;&#x43C; &#x438; &#x431;&#x443;&#x434;&#x443;&#x449;&#x435;&#x43C;</subfield>
    <subfield code="e">&#x41F;&#x435;&#x440;. &#x441; &#x43F;&#x43E;&#x441;&#x43B;&#x435;&#x434;. &#x444;&#x440;. &#x438;&#x437;&#x434;.</subfield>
    <subfield code="f">&#x421;&#x43E;&#x447;. &#x444;&#x440;. &#x438;&#x437;&#x432;&#x435;&#x441;&#x442;&#x43D;&#x435;&#x439;&#x448;. &#x43F;&#x438;&#x441;&#x430;&#x442;&#x435;&#x43B;&#x44F;, &#x43F;&#x440;&#x43E;&#x444;. &#x43C;&#x430;&#x442;.-&#x430;&#x441;&#x442;&#x440;&#x43E;&#x43D;. &#x438; &#x430;&#x441;&#x442;&#x440;&#x43E;&#x43B;. &#x43D;&#x430;&#x443;&#x43A;,... &#x434;-&#x440;&#x430; &#x43C;&#x435;&#x434;. &#x438; &#x444;&#x438;&#x437;&#x438;&#x43A;&#x438; &#x41F;&#x430;&#x43F;&#x44E;&#x441;&#x430;</subfield>
    <subfield code="g">&#x421; &#x43E;&#x431;&#x44A;&#x44F;&#x441;&#x43D;. &#x437;&#x43D;&#x430;&#x43C;&#x435;&#x43D;&#x438;&#x442;&#x43E;&#x433;&#x43E; &#x445;&#x438;&#x440;&#x43E;&#x43C;&#x430;&#x43D;&#x442;&#x430; &#x414;&#x435;&#x431;&#x430;&#x440;&#x43E;&#x43B;&#x43B;&#x44C;</subfield>
  </datafield>
  <datafield tag="205" ind1=" " ind2=" ">
    <subfield code="a">[6-&#x435; &#x438;&#x437;&#x434;., &#x434;&#x43E;&#x43F;.]</subfield>
  </datafield>
  <datafield tag="210" ind1=" " ind2=" ">
    <subfield code="a">&#x41C;&#x43E;&#x441;&#x43A;&#x432;&#x430;</subfield>
    <subfield code="c">&#x442;&#x438;&#x43F;. "&#x420;&#x443;&#x441;. &#x442;&#x440;&#x443;&#x434;"</subfield>
    <subfield code="d">1909</subfield>
  </datafield>
  <datafield tag="215" ind1=" " ind2=" ">
    <subfield code="a">162 &#x441;.</subfield>
    <subfield code="c">&#x438;&#x43B;.</subfield>
  </datafield>
  <datafield tag="300" ind1=" " ind2=" ">
    <subfield code="a">&#x410;&#x432;&#x442;. &#x443;&#x441;&#x442;&#x430;&#x43D;&#x43E;&#x432;&#x43B;&#x435;&#x43D; &#x43F;&#x43E; &#x43A;&#x430;&#x442;. &#x420;&#x41D;&#x411;</subfield>
  </datafield>
  <datafield tag="316" ind1=" " ind2=" ">
    <subfield code="a">&#x42D;&#x43A;&#x437;. &#x420;&#x41D;&#x411; (38.25.8.80): 2-&#x439; &#x44D;&#x43A;&#x437;. &#x434;&#x435;&#x444;.: &#x43E;&#x442;&#x441;&#x443;&#x442;&#x441;&#x442;&#x432;&#x443;&#x435;&#x442; &#x43E;&#x431;&#x43B;.</subfield>
    <subfield code="5">NLR: 38.25.8.80</subfield>
  </datafield>
  <datafield tag="517" ind1="0" ind2=" ">
    <subfield code="a">&#x422;&#x430;&#x439;&#x43D;&#x44B; &#x440;&#x443;&#x43A;&#x438;</subfield>
  </datafield>
  <datafield tag="700" ind1=" " ind2="0">
    <subfield code="4">070</subfield>
    <subfield code="8">rus</subfield>
    <subfield code="7">ca</subfield>
    <subfield code="a">&#x41F;&#x430;&#x43F;&#x44E;&#x441;</subfield>
    <subfield code="c">&#x43F;&#x441;&#x435;&#x432;&#x434;&#x43E;&#x43D;&#x438;&#x43C;</subfield>
    <subfield code="f">1865-1916</subfield>
    <subfield code="3">RU\NLR\AUTH\770139250</subfield>
    <subfield code="9">139215</subfield>
  </datafield>
  <datafield tag="702" ind1=" " ind2="1">
    <subfield code="4">212</subfield>
    <subfield code="8">rus</subfield>
    <subfield code="7">ca</subfield>
    <subfield code="a">&#x414;&#x435;&#x431;&#x430;&#x440;&#x440;&#x43E;&#x43B;&#x44C;</subfield>
    <subfield code="b">&#x410;.</subfield>
    <subfield code="f">1861-1886</subfield>
    <subfield code="g">&#x410;&#x434;&#x43E;&#x43B;&#x44C;&#x444;</subfield>
    <subfield code="3">RU\NLR\AUTH\7710982</subfield>
    <subfield code="9">120741</subfield>
  </datafield>
  <datafield tag="790" ind1=" " ind2="0">
    <subfield code="4">070</subfield>
    <subfield code="8">rus</subfield>
    <subfield code="7">ca</subfield>
    <subfield code="a">&#x41F;&#x430;&#x43F;&#x44E;&#x441;</subfield>
    <subfield code="c">&#x43F;&#x441;&#x435;&#x432;&#x434;&#x43E;&#x43D;&#x438;&#x43C;</subfield>
    <subfield code="f">1865-1916</subfield>
    <subfield code="3">RU\NLR\AUTH\770139250</subfield>
    <subfield code="9">139215</subfield>
  </datafield>
  <datafield tag="801" ind1=" " ind2="0">
    <subfield code="a">RU</subfield>
    <subfield code="b">NLR</subfield>
    <subfield code="g">psbo</subfield>
  </datafield>
  <datafield tag="801" ind1=" " ind2="0">
    <subfield code="a">RU</subfield>
    <subfield code="b">RuMoRGB</subfield>
    <subfield code="2">psbo</subfield>
  </datafield>
  <datafield tag="801" ind1=" " ind2="1">
    <subfield code="a">RU</subfield>
    <subfield code="b">ProSoft-M</subfield>
    <subfield code="2">rusmarc</subfield>
  </datafield>
  <datafield tag="852" ind1=" " ind2=" ">
    <subfield code="a">NLR</subfield>
    <subfield code="j">38.25.8.80</subfield>
  </datafield>
  <datafield tag="852" ind1=" " ind2=" ">
    <subfield code="a">NLR</subfield>
    <subfield code="b">&#x41C;&#x444;</subfield>
    <subfield code="j">&#x41A;1/17623</subfield>
  </datafield>
  <datafield tag="942" ind1=" " ind2=" ">
    <subfield code="c">BOOK</subfield>
  </datafield>
  <datafield tag="980" ind1=" " ind2=" ">
    <subfield code="a">NB</subfield>
  </datafield>
  <datafield tag="995" ind1=" " ind2=" ">
    <subfield code="5">2013-10-26</subfield>
    <subfield code="b">NLR02</subfield>
    <subfield code="c">NLR02</subfield>
    <subfield code="e">RFS</subfield>
    <subfield code="f">4985975-10</subfield>
    <subfield code="k">38.25.8.80</subfield>
    <subfield code="o">0</subfield>
    <subfield code="r">BOOK</subfield>
    <subfield code="s">3825880_</subfield>
  </datafield>
  <datafield tag="995" ind1=" " ind2=" ">
    <subfield code="5">2013-10-26</subfield>
    <subfield code="b">NLR01</subfield>
    <subfield code="c">NLR01</subfield>
    <subfield code="e">FM</subfield>
    <subfield code="f">4985975-20</subfield>
    <subfield code="k">&#x41C;&#x444; &#x41A;1/17623</subfield>
    <subfield code="o">0</subfield>
    <subfield code="r">BOOK</subfield>
    <subfield code="s">_117623</subfield>
  </datafield>
</record>
